Firm growth in advanced stage of transition: evidence from Slovak industry

Gespeichert in:
Bibliographische Detailangaben
1. Verfasser: Studená, Ivana
Format: Buchkapitel
Sprache:Englisch
Schlagworte:
Tags: Tag hinzufügen
Keine Tags, Fügen Sie das erste Tag hinzu!

MARC

LEADER 00000naa$a2200000$$$4500
001 0026110
005 20231010100022.2
041 0 |a eng 
044 |a CZ 
245 1 0 |a Firm growth in advanced stage of transition: evidence from Slovak industry  |c Ivana Studená 
610 2 0 |a rast podniku 
610 2 0 |a obdobie prechodné 
610 2 0 |a priemysel 
610 2 0 |a podnik priemyselný 
610 2 0 |a podnik stredný 
610 2 0 |a podnik veľký 
610 2 0 |a modely 
610 2 0 |a hospodárstvo trhové 
610 2 0 |a Slovensko 
100 1 |a Studená, Ivana